[Event "17th Delhi GM Open 2019"]
[Site "Delhi"]
[Date "2019.01.12"]
[Round "6"]
[White "Gajek, Radoslaw"]
[Black "Kulkarni, Vinayak"]
[Result "1/2-1/2"]
[WhiteElo "2481"]
[BlackElo "2207"]
[Annotator "ChessBase"]
[PlyCount "115"]
[EventDate "2019.01.09"]
[EventType "swiss"]
[EventCountry "IND"]
[SourceTitle "playchess.com"]
[Source "ChessBase"]
[SourceQuality "1"]
[TimeControl "5400+30"]

1. c4 {[%emt 0:00:00]} c5 {[%emt 0:04:09]} 2. Nf3 {[%emt 0:00:00]} Nc6 {[%emt 0:00:13]} 3. d4 {[%emt 0:00:00]} cxd4 {[%emt 0:00:18]} 4. Nxd4 {[%emt 0:00:00]} g6 {[%emt 0:00:25]} 5. e4 {[%emt 0:00:01]} Nf6 {[%emt 0:00:33]} 6. Nc3 {[%emt 0:00:08]} d6 {[%emt 0:00:14]} 7. Be2 {[%emt 0:00:07]} Nxd4 {[%emt 0:00:16]} 8. Qxd4 {[%emt 0:00:09]} Bg7 {[%emt 0:00:13]} 9. Be3 {[%emt 0:00:05]} O-O {[%emt 0:00:21]} 10. Qd2 {[%emt 0:00:06]} Be6 {[%emt 0:02:13]} 11. O-O {[%emt 0:00:32]} Qa5 {[%emt 0:00:57]} 12. Rac1 {[%emt 0:02:37]} Rfc8 {[%emt 0:01:09]} 13. b3 {[%emt 0:02:46]} a6 {[%emt 0:01:33]} 14. f4 {[%emt 0:06:00]} b5 {[%emt 0:15:55]} 15. f5 {[%emt 0:01:35]} Bd7 {[%emt 0:06:33]} 16. fxg6 {[%emt 0:01:07]} hxg6 {[%emt 0:00:26]} 17. e5 {[%emt 0:00:45]} b4 {[%emt 0:03:17]} 18. exf6 {[%emt 0:03:36]} bxc3 {[%emt 0:00:47]} 19. Rxc3 {[%emt 0:03:52]} Bxf6 {[%emt 0:04:53]} 20. Bd4 {[%emt 0:00:37]} Bxd4+ {[%emt 0:01:32]} 21. Qxd4 {[%emt 0:00:10]} Qc5 {[%emt 0:00:32]} 22. Rd1 {[%emt 0:00:38]} Be6 {[%emt 0:04:26]} 23. Qxc5 {[%emt 0:02:34]} dxc5 {[%emt 0:03:56]} 24. Bf3 {[%emt 0:00:15]} Ra7 {[%emt 0:01:07]} 25. Rcd3 {[%emt 0:04:51]} a5 {[%emt 0:01:40]} 26. Rd8+ {[%emt 0:00:12]} Rxd8 {[%emt 0:01:29]} 27. Rxd8+ {[%emt 0:00:01]} Kg7 {[%emt 0:00:11]} 28. Rb8 {[%emt 0:00:29]} a4 {[%emt 0:02:36]} 29. Rb5 {[%emt 0:00:29]} axb3 {[%emt 0:02:19]} 30. axb3 {[%emt 0:00:03]} Rc7 {[%emt 0:01:38]} 31. Kf2 {[%emt 0:00:27]} Kf6 {[%emt 0:03:36]} 32. Ke3 {[%emt 0:01:14]} Bd7 {[%emt 0:02:11]} 33. Ra5 {[%emt 0:02:16]} e5 {[%emt 0:02:49]} 34. Ra6+ {[%emt 0:01:26]} Ke7 {[%emt 0:02:29]} 35. Bd5 {[%emt 0:03:00]} Rc8 {[%emt 0:03:07]} 36. Rb6 {[%emt 0:01:01]} Rc7 {[%emt 0:02:26]} 37. Ra6 {[%emt 0:02:16]} Rc8 {[%emt 0:00:07]} 38. Kd3 {[%emt 0:00:27]} f6 {[%emt 0:02:03]} 39. h4 {[%emt 0:04:57]} Rb8 {[%emt 0:08:57]} 40. Kc3 {[%emt 0:00:41]} Rh8 {[%emt 0:00:28]} 41. g3 {[%emt 0:00:37]} g5 {[%emt 0:00:20]} 42. hxg5 {[%emt 0:00:38]} fxg5 {[%emt 0:00:09]} 43. Rg6 {[%emt 0:01:22]} g4 {[%emt 0:00:51]} 44. b4 {[%emt 0:00:20]} cxb4+ {[%emt 0:01:28]} 45. Kxb4 {[%emt 0:00:06]} Rb8+ {[%emt 0:03:24]} 46. Kc3 {[%emt 0:01:09]} Rb1 {[%emt 0:00:59]} 47. c5 {[%emt 0:02:31]} Rg1 {[%emt 0:00:31]} 48. Rg7+ {[%emt 0:00:48]} Kd8 {[%emt 0:00:26]} 49. c6 {[%emt 0:00:11]} Bxc6 {[%emt 0:00:35]} 50. Bxc6 {[%emt 0:00:17]} Rc1+ {[%emt 0:00:15]} 51. Kd3 {[%emt 0:00:04]} Rxc6 {[%emt 0:00:09]} 52. Ke4 {[%emt 0:00:13]} Rc3 {[%emt 0:02:13]} 53. Rxg4 {[%emt 0:00:07]} Rc4+ {[%emt 0:00:16]} 54. Kf5 {[%emt 0:00:06]} Rxg4 {[%emt 0:00:19]} 55. Kxg4 {[%emt 0:00:02]} Ke7 {[%emt 0:00:12]} 56. Kf5 {[%emt 0:00:03]} Kf7 {[%emt 0:00:15]} 57. Kxe5 {[%emt 0:00:07]} Kg6 {[%emt 0:00:08]} 58. Ke4 1/2-1/2

[Event "17th Delhi GM Open 2019"]
[Site "Delhi"]
[Date "2019.01.12"]
[Round "6"]
[White "Khusenkhojaev, Muhammad"]
[Black "Kurbonboeva, Sarvinoz"]
[Result "1/2-1/2"]
[WhiteElo "2455"]
[BlackElo "2214"]
[Annotator "ChessBase"]
[PlyCount "85"]
[EventDate "2019.01.09"]
[EventType "swiss"]
[EventCountry "IND"]
[SourceTitle "playchess.com"]
[Source "ChessBase"]
[SourceQuality "1"]
[TimeControl "5400+30"]

1. Nf3 {[%emt 0:00:21]} Nf6 {[%emt 0:00:10]} 2. c4 {[%emt 0:00:06]} g6 {[%emt 0:00:56]} 3. g3 {[%emt 0:00:07]} c6 {[%emt 0:02:49]} 4. b3 {[%emt 0:00:47]} d5 {[%emt 0:00:45]} 5. Bb2 {[%emt 0:00:14]} Bg7 {[%emt 0:00:59]} 6. Bg2 {[%emt 0:00:07]} O-O {[%emt 0:15:33]} 7. O-O {[%emt 0:00:37]} dxc4 {[%emt 0:00:38]} 8. bxc4 {[%emt 0:00:10]} c5 {[%emt 0:00:03]} 9. d4 {[%emt 0:01:28]} Qb6 10. Qb3 {[%emt 0:03:30]} Nfd7 {[%emt 0:15:07]} 11. Nc3 {[%emt 0:03:14]} Nc6 {[%emt 0:02:12]} 12. dxc5 {[%emt 0:07:44]} Qxb3 {[%emt 0:04:17]} 13. axb3 {[%emt 0:00:16]} Nxc5 {[%emt 0:00:04]} 14. Ra3 {[%emt 0:02:55]} Bf5 {[%emt 0:08:23]} 15. Ba1 {[%emt 0:08:06]} Rfd8 {[%emt 0:10:22]} 16. Na4 {[%emt 0:19:48]} Nxa4 {[%emt 0:02:25]} 17. Rxa4 {[%emt 0:00:07]} Bc2 {[%emt 0:02:10]} 18. Bxg7 {[%emt 0:04:16]} Kxg7 {[%emt 0:00:14]} 19. Ra3 {[%emt 0:00:46]} Bd1 {[%emt 0:04:15]} 20. Re1 {[%emt 0:03:53]} h6 {[%emt 0:11:39]} 21. e3 {[%emt 0:01:47]} e6 {[%emt 0:03:53]} 22. c5 {[%emt 0:00:53]} Rac8 {[%emt 0:02:26]} 23. Ra1 {[%emt 0:16:43]} Bxb3 {[%emt 0:00:32]} 24. Reb1 {[%emt 0:00:08]} Bd5 {[%emt 0:02:34]} 25. Rxb7 {[%emt 0:00:14]} Na5 {[%emt 0:04:34]} 26. Rxa7 {[%emt 0:06:25]} Nb3 {[%emt 0:00:05]} 27. Re1 {[%emt 0:00:57]} Rxc5 {[%emt 0:05:10]} 28. g4 {[%emt 0:02:11]} Bc6 {[%emt 0:00:43]} 29. h3 {[%emt 0:01:27]} Rd7 {[%emt 0:00:26]} 30. Ra6 {[%emt 0:01:28]} Bxf3 {[%emt 0:00:34]} 31. Bxf3 {[%emt 0:00:09]} Rc1 {[%emt 0:00:22]} 32. Rxc1 {[%emt 0:00:55]} Nxc1 {[%emt 0:00:01]} 33. Ra1 {[%emt 0:01:14]} Nd3 {[%emt 0:00:10]} 34. Be2 {[%emt 0:00:05]} Nb4 {[%emt 0:00:36]} 35. Rb1 {[%emt 0:00:40]} Nd5 {[%emt 0:00:06]} 36. Bf3 {[%emt 0:00:16]} Kf6 {[%emt 0:00:31]} 37. Kg2 {[%emt 0:00:21]} g5 {[%emt 0:00:42]} 38. Rb5 {[%emt 0:00:10]} Ne7 {[%emt 0:00:21]} 39. h4 {[%emt 0:02:12]} Ng6 {[%emt 0:01:28]} 40. h5 {[%emt 0:00:50]} Nh4+ {[%emt 0:00:14]} 41. Kg3 {[%emt 0:00:06]} Nxf3 {[%emt 0:00:05]} 42. Kxf3 {[%emt 0:00:05]} Rd2 {[%emt 0:00:32]} 43. Ra5 {[%emt 0:00:37] Ke5 Ke4+} 1/2-1/2

[Event "17th Delhi GM Open 2019"]
[Site "Delhi"]
[Date "2019.01.12"]
[Round "6"]
[White "Lugovskoy, Maxim"]
[Black "Arpita, Mukherjee"]
[Result "1-0"]
[WhiteElo "2445"]
[BlackElo "2132"]
[Annotator "NA"]
[PlyCount "89"]
[EventDate "2019.01.09"]
[EventType "swiss"]
[EventCountry "IND"]
[SourceTitle "playchess.com"]
[Source "ChessBase"]
[SourceQuality "1"]
[TimeControl "5400+30"]

1. e4 {[%emt 0:01:00]} c5 {[%emt 0:00:00]} 2. Nf3 {[%emt 0:00:13]} d6 {[%emt 0:00:00]} 3. Bb5+ {[%emt 0:00:04]} Nd7 {[%emt 0:00:12]} 4. d4 {[%emt 0:00:03]} cxd4 {[%emt 0:00:12]} 5. Qxd4 {[%emt 0:00:04]} a6 {[%emt 0:00:23]} 6. Bxd7+ {[%emt 0:00:06]} Bxd7 {[%emt 0:00:02]} 7. c4 {[%emt 0:00:03]} e5 {[%emt 0:02:57]} 8. Qd3 {[%emt 0:00:04]} h6 {[%emt 0:00:09]} 9. Nc3 {[%emt 0:00:17]} Nf6 {[%emt 0:00:07]} 10. O-O {[%emt 0:00:27]} Be7 {[%emt 0:00:21]} 11. b3 {[%emt 0:00:40]} Qc7 {[%emt 0:02:38]} 12. a4 {[%emt 0:00:37]} O-O {[%emt 0:01:53]} 13. Rd1 {[%emt 0:03:43]} Rfd8 {[%emt 0:02:14]} 14. Nd2 {[%emt 0:00:25]} Rac8 {[%emt 0:07:26]} 15. Nf1 {[%emt 0:00:59]} Be6 {[%emt 0:07:34]} 16. Ne3 {[%emt 0:00:34]} Bf8 {[%emt 0:04:14]} 17. Bd2 {[%emt 0:01:23]} b6 {[%emt 0:04:15]} 18. Be1 {[%emt 0:00:59]} Qb7 {[%emt 0:01:55]} 19. f3 {[%emt 0:00:54]} Nd7 {[%emt 0:00:36]} 20. Rab1 {[%emt 0:02:43]} Nc5 {[%emt 0:04:49]} 21. Qe2 {[%emt 0:02:05]} Qc6 {[%emt 0:03:18]} 22. Ned5 {[%emt 0:02:29]} Bxd5 {[%emt 0:03:09]} 23. Nxd5 {[%emt 0:01:20]} Rb8 {[%emt 0:01:24]} 24. Bf2 {[%emt 0:01:03]} Ne6 {[%emt 0:01:22]} 25. Be3 {[%emt 0:01:14]} Nc5 {[%emt 0:14:27]} 26. Qf2 {[%emt 0:05:41]} Kh7 {[%emt 0:03:26]} 27. Qg3 {[%emt 0:01:20]} Nd7 {[%emt 0:09:40]} 28. Qg4 {[%emt 0:03:14]} Qc8 {[%emt 0:03:59]} 29. Qh5 {[%emt 0:01:57]} Kg8 {[%emt 0:02:34]} 30. g4 {[%emt 0:05:36]} Re8 {[%emt 0:02:15]} 31. g5 {[%emt 0:02:10]} hxg5 {[%emt 0:03:57]} 32. Bxg5 {[%emt 0:00:12]} Re6 {[%emt 0:00:08]} 33. Kh1 {[%emt 0:00:34]} b5 {[%emt 0:01:44]} 34. cxb5 {[%emt 0:01:52]} Qc2 {[%emt 0:07:37]} 35. Nb4 {[%emt 0:01:29]} Qf2 {[%emt 0:01:08]} 36. Rd2 {[%emt 0:01:01]} Qb6 37. Nd5 {[%emt 0:00:55]} Qa5 {[%emt 0:01:45]} 38. Rc2 {[%emt 0:00:47]} Rg6 {[%emt 0:01:56]} 39. b6 {[%emt 0:01:50]} Rxb6 {[%emt 0:02:07]} 40. Bd2 {[%emt 0:00:59]} Rxb3 {[%emt 0:00:29]} 41. Rxb3 {[%emt 0:00:10]} Qxa4 {[%emt 0:00:05]} 42. Rc8 {[%emt 0:01:03]} Qa1+ {[%emt 0:00:24]} 43. Bc1 {[%emt 0:00:37]} Rh6 {[%emt 0:00:27]} 44. Ne7+ {[%emt 0:00:18]} Kh7 {[%emt 0:00:10]} 45. Qf5+ {[%emt 0:00:06]} 1-0

[Event "17th Delhi GM Open 2019"]
[Site "Delhi"]
[Date "2019.01.12"]
[Round "6"]
[White "Dzhumaev, Marat"]
[Black "Jay Kundaliya"]
[Result "1-0"]
[WhiteElo "2437"]
[BlackElo "2054"]
[Annotator "NA"]
[PlyCount "77"]
[EventDate "2019.01.09"]
[EventType "swiss"]
[EventCountry "IND"]
[SourceTitle "playchess.com"]
[Source "ChessBase"]
[SourceQuality "1"]
[TimeControl "5400+30"]

1. e4 {[%emt 0:00:59]} c6 {[%emt 0:00:00]} 2. d4 {[%emt 0:04:29]} d5 {[%emt 0:00:13]} 3. e5 {[%emt 0:00:17]} Bf5 {[%emt 0:00:06]} 4. Nf3 {[%emt 0:00:17]} e6 {[%emt 0:00:16]} 5. Be2 {[%emt 0:00:06]} Bg6 {[%emt 0:04:46]} 6. O-O {[%emt 0:00:27]} Nh6 {[%emt 0:00:26]} 7. Nbd2 {[%emt 0:04:25]} Be7 {[%emt 0:01:15]} 8. c3 {[%emt 0:00:38]} O-O {[%emt 0:00:17]} 9. Nb3 {[%emt 0:00:22]} Nd7 {[%emt 0:01:11]} 10. Bxh6 {[%emt 0:06:11]} gxh6 {[%emt 0:00:06]} 11. Nfd2 {[%emt 0:02:59]} c5 {[%emt 0:26:50]} 12. f4 {[%emt 0:13:49]} c4 {[%emt 0:00:53]} 13. Nc1 {[%emt 0:00:11]} Qb6 {[%emt 0:00:40]} 14. b3 {[%emt 0:01:50]} Ba3 {[%emt 0:20:57]} 15. bxc4 {[%emt 0:00:13]} Bb2 {[%emt 0:00:07]} 16. Ncb3 {[%emt 0:00:28]} Bxc3 {[%emt 0:13:16]} 17. cxd5 {[%emt 0:00:17]} Bxa1 {[%emt 0:06:18]} 18. Qxa1 {[%emt 0:00:24]} Rac8 {[%emt 0:01:16]} 19. d6 {[%emt 0:04:39]} a6 {[%emt 0:05:03]} 20. h3 {[%emt 0:02:42]} Qb4 {[%emt 0:03:29]} 21. Bf3 {[%emt 0:10:42]} Qb6 {[%emt 0:00:00]} 22. Be2 {[%emt 0:00:00]} Qb4 {[%emt 0:01:00]} 23. Bf3 {[%emt 0:01:00]} Rc2 {[%emt 0:03:05]} 24. Ne4 {[%emt 0:03:51]} Qa3 {[%emt 0:00:57]} 25. Nbc5 {[%emt 0:04:32]} Nxc5 {[%emt 0:01:12]} 26. Nxc5 {[%emt 0:00:09]} Rxa2 {[%emt 0:01:16]} 27. Qc1 {[%emt 0:03:37]} Qb4 {[%emt 0:01:00]} 28. Qe3 {[%emt 0:06:26]} Rd2 {[%emt 0:00:19]} 29. d5 {[%emt 0:00:24]} exd5 {[%emt 0:02:09]} 30. e6 {[%emt 0:00:21]} fxe6 {[%emt 0:01:18]} 31. Nxe6 {[%emt 0:00:10]} Rf7 {[%emt 0:02:02]} 32. f5 {[%emt 0:06:53]} Bxf5 {[%emt 0:02:18]} 33. Bh5 {[%emt 0:00:07]} Bg6 {[%emt 0:01:27]} 34. Rxf7 {[%emt 0:00:26]} Kxf7 {[%emt 0:00:26]} 35. d7 {[%emt 0:01:41]} Bxh5 {[%emt 0:01:00]} 36. d8=Q {[%emt 0:01:16]} Re2 {[%emt 0:00:22]} 37. Qd7+ {[%emt 0:00:49]} Kg6 {[%emt 0:00:01]} 38. Qg7+ {[%emt 0:00:59]} Kf5 {[%emt 0:00:02]} 39. g4+ {[%emt 0:00:26]} 1-0

[Event "17th Delhi GM Open 2019"]
[Site "Delhi"]
[Date "2019.01.12"]
[Round "6"]
[White "Czebe, Attila"]
[Black "Aditya Mittal"]
[Result "1/2-1/2"]
[WhiteElo "2418"]
[BlackElo "2251"]
[Annotator "NA"]
[PlyCount "66"]
[EventDate "2019.01.09"]
[EventType "swiss"]
[EventCountry "IND"]
[SourceTitle "playchess.com"]
[Source "ChessBase"]
[SourceQuality "1"]
[TimeControl "5400+30"]

1. Nf3 {[%emt 0:00:00]} d5 {[%emt 0:00:00]} 2. g3 {[%emt 0:00:31]} Nf6 {[%emt 0:00:00]} 3. Bg2 {[%emt 0:00:13]} g6 {[%emt 0:00:00]} 4. b3 {[%emt 0:01:07]} Bg7 {[%emt 0:00:01]} 5. Bb2 {[%emt 0:00:03]} O-O {[%emt 0:00:26]} 6. O-O {[%emt 0:00:20]} Nbd7 {[%emt 0:04:59]} 7. c4 {[%emt 0:02:58]} c6 {[%emt 0:00:11]} 8. Nc3 {[%emt 0:05:43]} e5 {[%emt 0:02:23]} 9. cxd5 {[%emt 0:00:47]} Nxd5 {[%emt 0:01:13]} 10. d4 {[%emt 0:23:23]} Nxc3 {[%emt 0:00:00]} 11. Bxc3 {[%emt 0:00:04]} e4 {[%emt 0:08:23]} 12. Ne5 {[%emt 0:04:34]} f5 {[%emt 0:01:19]} 13. Qc2 {[%emt 0:00:01]} Nxe5 {[%emt 0:05:13]} 14. dxe5 {[%emt 0:00:12]} Qe7 15. f4 {[%emt 0:09:55]} exf3 {[%emt 0:01:47]} 16. exf3 {[%emt 0:00:08]} Qc5+ {[%emt 0:04:36]} 17. Rf2 {[%emt 0:00:27]} Bxe5 {[%emt 0:00:31]} 18. Bxe5 {[%emt 0:00:04]} Qxe5 {[%emt 0:00:08]} 19. Rd1 {[%emt 0:00:17]} Re8 {[%emt 0:18:18]} 20. f4 {[%emt 0:00:19]} Qg7 {[%emt 0:03:02]} 21. Qc5 {[%emt 0:03:05]} Be6 {[%emt 0:02:20]} 22. Re2 {[%emt 0:00:16]} Qf8 {[%emt 0:04:43]} 23. Qa5 {[%emt 0:03:40]} Bf7 {[%emt 0:06:35]} 24. Red2 {[%emt 0:00:28]} Re7 {[%emt 0:01:47]} 25. h4 {[%emt 0:00:28]} b6 {[%emt 0:04:37]} 26. Qc3 {[%emt 0:00:28]} Rc8 {[%emt 0:01:17]} 27. Rd6 {[%emt 0:00:49]} c5 {[%emt 0:01:32]} 28. Bc6 {[%emt 0:02:49]} Re6 {[%emt 0:03:03]} 29. Rxe6 {[%emt 0:00:35]} Bxe6 {[%emt 0:00:02]} 30. Bd7 {[%emt 0:00:09]} Bxd7 {[%emt 0:03:25]} 31. Rxd7 {[%emt 0:00:01]} Re8 {[%emt 0:01:37]} 32. Qc4+ {[%emt 0:01:13]} Kh8 {[%emt 0:00:07]} 33. Qc3+ {[%emt 0:14:43]} Kg8 1/2-1/2

[Event "17th Delhi GM Open 2019"]
[Site "Delhi"]
[Date "2019.01.12"]
[Round "6"]
[White "Thipsay, Praveen M"]
[Black "Erigaisi Arjun"]
[Result "0-1"]
[WhiteElo "2405"]
[BlackElo "2548"]
[Annotator "ChessBase"]
[PlyCount "104"]
[EventDate "2019.01.09"]
[EventType "swiss"]
[EventCountry "IND"]
[SourceTitle "playchess.com"]
[Source "ChessBase"]
[SourceQuality "1"]
[TimeControl "5400+30"]

1. e4 {[%emt 0:00:00]} e6 {[%emt 0:07:28]} 2. d4 {[%emt 0:00:29]} d5 {[%emt 0:00:49]} 3. e5 {[%emt 0:00:10]} c5 {[%emt 0:00:04]} 4. c3 {[%emt 0:00:10]} Nc6 {[%emt 0:00:06]} 5. Nf3 {[%emt 0:00:08]} Qb6 {[%emt 0:00:05]} 6. Be2 {[%emt 0:16:45]} Nh6 {[%emt 0:00:17]} 7. Bxh6 {[%emt 0:01:43]} gxh6 {[%emt 0:01:00]} 8. Qd2 {[%emt 0:00:08]} Bg7 {[%emt 0:00:10]} 9. O-O {[%emt 0:01:43]} O-O {[%emt 0:00:09]} 10. Na3 {[%emt 0:00:13]} Bd7 {[%emt 0:00:48]} 11. Nc2 {[%emt 0:01:39]} cxd4 {[%emt 0:06:07]} 12. cxd4 {[%emt 0:04:10]} f6 {[%emt 0:00:07]} 13. exf6 {[%emt 0:05:17]} Rxf6 {[%emt 0:00:08]} 14. b4 {[%emt 0:01:18]} Raf8 {[%emt 0:05:53]} 15. b5 {[%emt 0:01:48]} Ne7 {[%emt 0:00:08]} 16. Ne5 {[%emt 0:01:55]} Be8 {[%emt 0:00:22]} 17. g3 {[%emt 0:16:16]} Nf5 {[%emt 0:10:42]} 18. a4 {[%emt 0:02:48]} h5 {[%emt 0:02:31]} 19. Kg2 {[%emt 0:07:37]} Kh8 {[%emt 0:07:05]} 20. Qc3 {[%emt 0:06:08]} Rg8 {[%emt 0:08:21]} 21. Bd3 {[%emt 0:06:09]} h4 {[%emt 0:02:56]} 22. Rae1 {[%emt 0:09:14]} Rff8 {[%emt 0:01:58]} 23. Kh1 {[%emt 0:01:07]} Qd8 {[%emt 0:16:22]} 24. g4 {[%emt 0:06:47]} Bxe5 {[%emt 0:02:15]} 25. Rxe5 {[%emt 0:03:02]} Rxg4 {[%emt 0:00:16]} 26. Bxf5 {[%emt 0:02:22]} Rxf5 {[%emt 0:00:28]} 27. Rxf5 {[%emt 0:00:11]} exf5 {[%emt 0:00:05]} 28. f3 {[%emt 0:00:22]} Rg7 {[%emt 0:02:09]} 29. Qe3 {[%emt 0:01:40]} Bh5 {[%emt 0:00:21]} 30. Qe5 {[%emt 0:01:52]} h6 {[%emt 0:02:53]} 31. Ne1 {[%emt 0:01:38]} Qg5 {[%emt 0:00:49]} 32. Qe2 {[%emt 0:00:02]} Re7 {[%emt 0:04:28]} 33. Qf2 {[%emt 0:00:04]} Re3 {[%emt 0:00:13]} 34. Rg1 {[%emt 0:01:19]} Qf4 {[%emt 0:00:32]} 35. Qg2 {[%emt 0:00:14]} Bxf3 {[%emt 0:00:18]} 36. Nxf3 {[%emt 0:00:03]} Qxf3 {[%emt 0:00:05]} 37. Qxf3 {[%emt 0:00:03]} Rxf3 {[%emt 0:00:06]} 38. Rg6 {[%emt 0:00:03]} Rf4 {[%emt 0:00:20]} 39. Rxh6+ {[%emt 0:00:16]} Kg7 {[%emt 0:00:04]} 40. Rd6 {[%emt 0:00:04]} Rxd4 {[%emt 0:00:05]} 41. a5 {[%emt 0:00:08]} Ra4 {[%emt 0:01:10]} 42. Rxd5 {[%emt 0:00:51]} Rxa5 {[%emt 0:00:08]} 43. Rd7+ {[%emt 0:00:19]} Kf6 {[%emt 0:00:55]} 44. Rxb7 {[%emt 0:00:03]} h3 {[%emt 0:02:31]} 45. Kg1 {[%emt 0:00:03]} Ra2 {[%emt 0:00:23]} 46. Rh7 {[%emt 0:02:30]} Rg2+ {[%emt 0:00:07]} 47. Kf1 {[%emt 0:00:03]} Rxh2 {[%emt 0:00:06]} 48. Rxa7 {[%emt 0:00:07]} Rb2 {[%emt 0:00:07]} 49. Rh7 {[%emt 0:00:27]} h2 {[%emt 0:00:11]} 50. b6 {[%emt 0:00:52]} Kg5 {[%emt 0:00:13]} 51. Rh8 {[%emt 0:00:13]} Kg4 {[%emt 0:00:12]} 52. b7 {[%emt 0:00:04]} Kg3 {[%emt 0:00:37]} 0-1

[Event "17th Delhi GM Open 2019"]
[Site "Delhi"]
[Date "2019.01.12"]
[Round "6"]
[White "Rathnakaran, K.."]
[Black "Visakh N R"]
[Result "0-1"]
[WhiteElo "2373"]
[BlackElo "2486"]
[Annotator "TA"]
[PlyCount "118"]
[EventDate "2019.01.09"]
[EventType "swiss"]
[EventCountry "IND"]
[SourceTitle "playchess.com"]
[Source "ChessBase"]
[SourceQuality "1"]

{[%evp 13,118,15,7,-10,-19,-55,-24,-21,-8,-8,-13,-111,-35,-56,-48,-43,-39,-74,-73,-39,0,-140,-139,-331,-263,-273,-270,-255,-270,-262,-266,-332,-308,-302,-249,-258,-254,-252,-244,-266,-260,-265,-259,-262,-216,-246,-230,-235,-204,-168,0,-221,-204,-290,-249,-343,-341,-378,-380,-390,-354,-356,-268,-263,-243,-370,-365,-369,-358,-383,-384,-373,-361,-362,-381,-377,-376,-416,-399,-421,-398,-489,-472,-478,-470,-556,-556,-533,-514,-619,-601,-702,-700,-747,-735,-721,-679,-1558,-1529,-2408,-2312,-29980,-29981,-29981,-29982,-29982,-29982]} 1. e4 e5 2. Nf3 Nf6 3. Nxe5 d6 4. Nf3 Nxe4 5. Nc3 Nxc3 6. dxc3 Be7 7. Bd3 Nd7 8. h4 $146 {C42: Petroff Defence: 3 Nxe5 and unusual White 3rd moves} ({Predecessor:} 8. Be3 O-O 9. Qe2 Nc5 10. Bxc5 dxc5 11. O-O-O Bd6 12. Kb1 Qf6 13. h4 Bf5 14. Ng5 Rae8 15. Qf3 Bxd3 16. Qxd3 {0-1 (53) Mamedov,R (2660)-Gelfand,B (2741) Moscow 2010}) 8... Nc5 9. Be2 c6 10. Be3 {Black has an edge.} d5 11. h5 h6 12. g3 (12. c4 $11 {keeps the balance.}) 12... Bf5 ({Better is} 12... O-O $17 13. c4 dxc4 14. Qxd8 Rxd8 15. Bxc4 b5) 13. Nh4 Bh7 14. Bg4 Ne4 15. Qe2 Bf6 16. Bc5 Be7 17. Bd4 (17. Be3 $11) 17... O-O $17 18. O-O-O $2 (18. Bf5 $17 {is a better defense.}) 18... Re8 19. Bf5 Bg5+ 20. f4 {Strongly threatening Bxh7+.} Bxf5 21. Nxf5 {[#]} Nxg3 $1 {[%mdl 576] Double Attack} 22. Qg4 {[#]} (22. Nxg3 Bxf4+) 22... Bxf4+ $1 {[%mdl 512]} 23. Kb1 {[%csl Gd4,Gf5][%cal Rg4g7]} (23. Qxf4 Ne2+) 23... Nxf5 24. Qxf5 Qg5 25. Qh3 {Hoping for Rhg1.} Be3 26. a3 Bxd4 27. cxd4 Re3 28. Qh2 Re4 29. Rhg1 Rg4 30. Rge1 {If White can now play Qc7 this consolidates a bit.} Qf4 31. Qe2 Qg5 (31... Qe4 $142 32. Qh2 Qf4) 32. Qh2 $1 $19 {and the idea Qc7 leaves White hopeful.} Rc8 33. Re5 (33. Qd6 $142) 33... Qh4 34. Qd2 Re4 35. Rg1 Rxe5 36. dxe5 Qxh5 {[%mdl 4096] Endgame KQR-KQR} 37. Qd4 b6 38. e6 {[%csl Gg1][%cal Rd4g7] [#]} f6 $1 39. Qb4 (39. Qxf6 $142 Qd1+ 40. Rxd1 gxf6 41. Rh1) 39... Qe8 40. Qd6 Qd8 41. Qf4 {If only White now had time for Qxh6....} Kh8 42. Re1 Qe7 43. Qf5 Re8 44. Qg6 Qd8 45. b4 Re7 46. Kb2 a5 47. bxa5 bxa5 48. Qg3 d4 ({Not} 48... Rb7+ 49. Ka2 $19) 49. a4 Qd5 50. Qb3 Kh7 51. Qd3+ f5 {[%cal Bf6f5,Bf5f4,Bf4f3,Bf3f2][%mdl 32]} 52. Rf1 g6 53. Re1 Rxe6 54. Rxe6 Qxe6 55. Qxd4 {KQ-KQ} Qf7 56. Qb6 f4 57. Qxa5 f3 {Black mates.} 58. Qe1 f2 59. Qf1 Qf4 {Accuracy: White = 33%, Black = 75%.} 0-1

[Event "17th Delhi GM Open 2019"]
[Site "Delhi"]
[Date "2019.01.12"]
[Round "6"]
[White "Aronyak Ghosh"]
[Black "Harsha Bharathakoti"]
[Result "1/2-1/2"]
[WhiteElo "2353"]
[BlackElo "2481"]
[Annotator "ChessBase"]
[PlyCount "82"]
[EventDate "2019.01.09"]
[EventType "swiss"]
[EventCountry "IND"]
[SourceTitle "playchess.com"]
[Source "ChessBase"]
[SourceQuality "1"]
[TimeControl "5400+30"]

1. d4 {[%emt 0:00:00]} d6 {[%emt 0:02:16]} 2. Nf3 {[%emt 0:01:06]} g6 {[%emt 0:01:21]} 3. g3 {[%emt 0:00:48]} Bg7 {[%emt 0:00:50]} 4. Bg2 {[%emt 0:00:03]} Nd7 {[%emt 0:03:22]} 5. O-O {[%emt 0:00:54]} e5 {[%emt 0:00:41]} 6. dxe5 {[%emt 0:00:45]} dxe5 {[%emt 0:00:36]} 7. e4 {[%emt 0:00:34]} Ngf6 {[%emt 0:04:02]} 8. Nbd2 {[%emt 0:00:26]} O-O {[%emt 0:00:22]} 9. b3 {[%emt 0:00:33]} b6 {[%emt 0:03:25]} 10. Re1 {[%emt 0:00:45]} Qe7 {[%emt 0:10:56]} 11. a4 {[%emt 0:03:59]} Rd8 {[%emt 0:03:06]} 12. Ba3 {[%emt 0:01:07]} Qe8 {[%emt 0:02:07]} 13. Qe2 {[%emt 0:02:13]} a5 {[%emt 0:02:10]} 14. Rad1 {[%emt 0:02:43]} Bb7 {[%emt 0:08:49]} 15. Qc4 {[%emt 0:03:36]} Rac8 {[%emt 0:20:18]} 16. Bh3 {[%emt 0:00:46]} Bf8 {[%emt 0:01:25]} 17. Bxf8 {[%emt 0:01:26]} Kxf8 {[%emt 0:02:28]} 18. Nb1 {[%emt 0:07:37]} Qe7 {[%emt 0:00:32]} 19. Nc3 {[%emt 0:00:06]} Qb4 {[%emt 0:05:20]} 20. Qxb4+ {[%emt 0:05:52]} axb4 {[%emt 0:00:05]} 21. Nd5 {[%emt 0:02:14]} Nxd5 {[%emt 0:01:31]} 22. Bxd7 {[%emt 0:02:44]} Rxd7 {[%emt 0:01:12]} 23. Nxe5 {[%emt 0:00:09]} Rd6 {[%emt 0:03:51]} 24. exd5 {[%emt 0:00:11]} Bxd5 {[%emt 0:01:07]} 25. Re3 {[%emt 0:09:03]} Re8 {[%emt 0:06:25]} 26. Ng4 {[%emt 0:03:00]} Red8 {[%emt 0:01:47]} 27. Red3 {[%emt 0:02:57]} Ke7 {[%emt 0:11:23]} 28. Ne3 {[%emt 0:00:58]} Bf3 {[%emt 0:00:40]} 29. Rxd6 {[%emt 0:01:03]} Rxd6 {[%emt 0:00:04]} 30. Rxd6 {[%emt 0:00:49]} Kxd6 {[%emt 0:00:04]} 31. Kf1 {[%emt 0:00:03]} Kc5 {[%emt 0:00:30]} 32. Ke1 {[%emt 0:00:20]} Kd4 {[%emt 0:00:07]} 33. Kd2 {[%emt 0:00:02]} f5 {[%emt 0:01:10]} 34. Nc4 {[%emt 0:00:40]} g5 {[%emt 0:01:38]} 35. Nb2 {[%emt 0:07:18]} h5 {[%emt 0:00:56]} 36. Nd3 {[%emt 0:02:51]} c5 {[%emt 0:00:05]} 37. Nb2 {[%emt 0:00:03]} Bd5 {[%emt 0:00:29]} 38. Nd3 {[%emt 0:00:17]} Be4 {[%emt 0:00:14]} 39. Nb2 {[%emt 0:00:08]} Bd5 {[%emt 0:00:04]} 40. Nd3 {[%emt 0:00:03]} Be4 {[%emt 0:02:00]} 41. Nb2 {[%emt 0:00:02]} Bc6 {[%emt 0:00:29]} 1/2-1/2